[Event "Kitchener Riedstra Memorial U2000"]
[Site "Kitchener"]
[Date "2012.03.09"]
[Round "1"]
[White "Echavarria Hidalgo, Fernando"]
[Black "Forsyth, Barry"]
[Result "1-0"]
[WhiteElo "1680"]
[BlackElo "1679"]
[PlyCount "79"]
[EventDate "2012.03.09"]
[EventType "swiss"]
[EventRounds "5"]
[EventCountry "CAN"]
[SourceTitle "EXT 2022"]
[Source "ChessBase"]
[SourceDate "2021.10.06"]
[SourceVersion "1"]
[SourceVersionDate "2021.10.06"]
[SourceQuality "1"]

1. c4 c5 2. Nc3 Nf6 3. Nf3 d5 4. cxd5 Nxd5 5. e4 Nxc3 6. bxc3 g6 7. Bc4 Bg7 8. Qb3 0-0 9. 0-0 Nc6 10. Bd5 Na5 11. Qb5 e6 12. Bb3 b6 13. Re1 Bb7 14. Bc2 e5 15. Qe2 Nc6 16. d3 h6 17. Be3 Qe7 18. Qd2 Kh7 19. Bb3 Rad8 20. Bd5 Rd7 21. Rab1 Rfd8 22. c4 Nb4 23. a3 Nxd5 24. exd5 Qd6 25. h3 Qc7 26. Nh2 Rd6 27. f4 Qd7 28. fxe5 Bxe5 29. Bxh6 Bxh2+ 30. Kxh2 Re8 31. Rxe8 Qxe8 32. Re1 Qc8 33. Qf4 Qc7 34. Kh1 Qd7 35. Qh4 Kg8 36. Bf4 Qd8 37. Qh6 Bc8 38. Be5 f6 39. Qxg6+ Kf8 40. Bxd6+ 1-0